FOOTBALL - Composition équipes 8-2 Bayern vs Barça (LDC) - Statistiques

Statistiques générales
  • Ce quiz a été pris 122 fois
  • Le résultat moyen est 20 sur 31
Statistiques - réponses
Equipe Poste Nom % Correct
Bayern Gardien de but Manuel Neuer
98%
Barça Attaquant Lionel Messi
95%
Bayern Buteur Robert Lewandowski
90%
Barça Gardien de but Marc-André Ter Stegen
88%
Barça Défenseur central Gerard Piqué
87%
Bayern Milieu offensif central Thomas Müller
87%
Bayern Latéral droit Joshua Kimmich
86%
Barça Attaquant Luis Suarez
86%
Barça Milieu défensif central Sergio Busquets
80%
Bayern Ailier droit Serge Gnabry
79%
Bayern Latéral gauche Alphonso Davies
78%
Barça Latéral gauche Jordi Alba
77%
Bayern Milieu central Leon Goretzka
76%
Bayern Défenseur central Jérome Boateng
74%
Bayern COACH Hansi Flick
73%
Bayern Remplaçant (Attaquant) Kingsley Coman
72%
Bayern Remplaçant (Attaquant) Philippe Coutinho
68%
Bayern Défenseur central David Alaba
64%
Barça Remplaçant (Attaquant) Antoine Griezmann
59%
Barça Milieu central Frenkie De Jong
55%
Barça Défenseur central Clément Lenglet
54%
Barça Milieu offensif central Arturo Vidal
43%
Barça Latéral droit Nélson Semedo
43%
Bayern Remplaçant (Défenseur) Niklas Süle
40%
Bayern Milieu central Thiago Alcántara
40%
Barça Milieu central Sergi Roberto
38%
Bayern Ailier gauche Ivan Perisic
36%
Bayern Remplaçant (Défenseur) Lucas Hernandez
32%
Bayern Remplaçant (Milieu) Corentin Tolisso
26%
Barça COACH Quique Setién
24%
Barça Remplaçant (Attaquant) Ansu Fati
17%
Aucun quiz correspondant
Distribution des résultats
% des personnes avec chaque résultat
Percentile par nombre de réponses
Votre historique - résultats
Vous n’avez pas pris ce quiz